| 000 | 00416nam a2200157 4500 | ||
|---|---|---|---|
| 001 | 120652 | ||
| 003 | ES-MaACL | ||
| 005 | 20230906191608.0 | ||
| 007 | t| | ||
| 008 | 070214s1970 sp r ||||1| spa d | ||
| 100 | 1 |
_aPozzi, C. _993560 |
|
| 245 | 1 | 0 |
_aCómo se vende / _cC. Pozzi. |
| 260 |
_aBarcelona : _bDe Vecchi, _c1970. |
||
| 300 |
_a308 p., 4 lám. : _bil. ; _c19 cm. |
||
| 852 |
_aES-MaACL _jC-51119 _bR.75834 |
||
| 999 |
_c120652 _d120652 |
||